000 00804nam a2200157 i 4500
001 170913
003 ES-MaACL
005 20230906214509.0
008 090416s1854 sp |||| | spa d
100 0 _aEguilaz, Luis de.
_946758
245 1 3 _aEl caballero del milagro
_b: drama original en tres actos y en verso /
_cpor Luis de Eguilaz.
260 _aMadrid :
_b[s.n.],
_c1854 (
_fImp. del Semanario é Ilustración)
300 _a109 p. ;
_c17 cm.
500 _aEn port:: Representado con estraordinario [ie] éxito en el teatro del Príncipe el dia 29 de marzo de 1854 á beneficio del primer actor D. Manuel Ossorio.
852 _aES-MaACL
_jF-8570(2)
_z.- Enc. pasta española
_q.- Falto de la cub. original
_z.- Enc. en un vol. facticio, formando parte de la col. "Teatro español moderno", vol. 23
999 _c170913
_d170913